000 00559nam a2200181Ii 4500
003 JO-AjNU
008 230605s9999||||xx |||||||||||||| ||und||
040 _aJO-AjNU
_bara
_erda
_cJO-AjNU
041 _aara
050 1 4 _aQD151.2 .A43
100 3 _aسعيد ، احمد الحاج,
_eauthor
_937070
245 0 0 _aالكيمياء اللاعضوية البنيوية
300 _a190ص
336 _atext
_btxt
_2rdacontent
337 _aunmediated
_bn
_2rdamedia
338 _avolume
_bnc
_2rdacarrier
650 4 _aالكيمياء اللاعضوية
_937071
999 _aA15457
_c19025
_d19025